London Underground - Hammersmith & City Line Map - Statistics

General Stats
  • This quiz has been taken 173 times
  • The average score is 24 of 29
Answers on the Map
Answers color-coded by a green-red scale on the quiz's map according to % correct below.
 
Answer Stats
Answer % Correct
Hammersmith
100%
King's Cross St. Pancras
94%
Paddington
94%
Barbican
91%
Euston Square
91%
Farringdon
91%
Liverpool Street
91%
Aldgate East
90%
Baker Street
88%
Edgware Road
88%
Moorgate
88%
Great Portland Street
87%
Barking
86%
Goldhawk Road
86%
East Ham
84%
Ladbroke Grove
84%
Mile End
83%
Royal Oak
81%
West Ham
81%
Whitechapel
81%
Latimer Road
80%
Shepherd's Bush Market
80%
Bow Road
77%
Wood Lane
77%
Bromley-By-Bow
75%
Stepney Green
75%
Upton Park
70%
Plaistow
68%
Westbourne Park
68%
No matching quizzes found
Score Distribution
Percent of People with Each Score
Percentile by Number Answered
Your Score History
You have not taken this quiz